000 00993cam a22002174a 4500
005 20250605163957.0
008 250528s ||||||||||||||||||||||||d
035 _a15521
020 _a471817392
040 _aGR-AtMCL
_bgre
_dGR-AtMCL
_eAACR2
245 1 _aManufacturing / The Formidable Competitive Weapon
250 _a1st
260 _bJohn Wiley & Sons, Ltd,
_c1985
300 _a334
505 0 _aIntroduction, Concepts of Manufacturing Strategy, Operationalizing Manufacturing Strategy Concepts, The Impact of New Manufacturing Technology, Manufacturing as a Competitive Resource, Wanted: A New Breed of Manufacturing Manager, Index.
520 _aIntroduction, Concepts of Manufacturing Strategy, Operationalizing Manufacturing Strategy Concepts, The Impact of New Manufacturing Technology, Manufacturing as a Competitive Resource, Wanted: A New Breed of Manufacturing Manager, Index.
700 1 _aSkinner Wickham
_91465
942 _cBK
999 _c1097
_d1097